[Event "Asian Continental op 17th"]
[Site "Makati"]
[Date "2018.12.17"]
[Round "8"]
[White "Cuhendi, Sean Winshand"]
[Black "Montoya, Edsel"]
[Result "0-1"]
[WhiteElo "2429"]
[BlackElo "2312"]
[PlyCount "114"]
[EventDate "2018.12.10"]
[EventType "swiss"]
[EventRounds "9"]
[EventCountry "PHI"]
[SourceTitle "CBM 187 Extra"]
[Source "ChessBase"]
[SourceDate "2018.11.04"]
[SourceVersion "1"]
[SourceVersionDate "2018.11.04"]
[SourceQuality "1"]

1. e4 e5 2. Nf3 Nc6 3. Bc4 Bc5 4. 0-0 Nf6 5. d3 0-0 6. h3 h6 7. Re1 d6 8. c3 a6 9. Bb3 Re8 10. Nbd2 Be6 11. Bc2 d5 12. exd5 Bxd5 13. b4 Bf8 14. a4 g6 15. Bb2 Nd7 16. b5 Ne7 17. Nxe5 Nxe5 18. Rxe5 Bg7 19. Re1 Nf5 20. Rxe8+ Qxe8 21. Ne4 axb5 22. axb5 Rd8 23. b6 cxb6 24. Qc1 Bc6 25. Qf4 b5 26. Re1 Qe6 27. Qc1 Qd5 28. Qa1 Qd7 29. Bb3 Re8 30. Qa2 Re5 31. Ba3 Re8 32. g4 Nh4 33. Bxf7+ Qxf7 34. Qxf7+ Kxf7 35. Nd6+ Kg8 36. Rxe8+ Bxe8 37. Nxe8 Bxc3 38. Nd6 b4 39. Bc1 b3 40. Nc4 Nf3+ 41. Kf1 b5 42. Nb2 Kf7 43. Nd1 Bd4 44. Bb2 Bxb2 45. Nxb2 Ke6 46. Kg2 Ne5 47. f4 Nd7 48. Kf3 Nc5 49. Ke3 Na4 50. Nxa4 bxa4 51. Kd2 b2 52. Kc2 a3 53. d4 Ke7 54. h4 Ke6 55. h5 gxh5 56. gxh5 Kd6 57. f5 Kd5 0-1

[Event "Asian Continental op 17th"]
[Site "Makati"]
[Date "2018.12.14"]
[Round "5"]
[White "Montoya, Edsel"]
[Black "Priasmoro, Novendra"]
[Result "1-0"]
[WhiteElo "2312"]
[BlackElo "2483"]
[PlyCount "197"]
[EventDate "2018.12.10"]
[EventType "swiss"]
[EventRounds "9"]
[EventCountry "PHI"]
[SourceTitle "CBM 187 Extra"]
[Source "ChessBase"]
[SourceDate "2018.11.04"]
[SourceVersion "1"]
[SourceVersionDate "2018.11.04"]
[SourceQuality "1"]

1. c4 Nf6 2. Nf3 g6 3. g3 Bg7 4. Bg2 0-0 5. 0-0 d6 6. d4 Nbd7 7. Nc3 e5 8. e4 exd4 9. Nxd4 Re8 10. Re1 Nc5 11. f3 Bd7 12. Be3 a6 13. Qd2 Rb8 14. Bf1 Qc8 15. b4 Ne6 16. Rac1 h5 17. Nb3 Nh7 18. Red1 Nhf8 19. Bg2 b6 20. Nd5 Ba4 21. f4 Nh7 22. Rf1 Bxb3 23. axb3 Nef8 24. c5 bxc5 25. bxc5 dxc5 26. Bxc5 Qd8 27. Rfd1 Kh8 28. Qa2 Ne6 29. Bf2 c5 30. e5 Qc8 31. b4 Bf8 32. Bf1 Qc6 33. Bxa6 Red8 34. Bf1 Ra8 35. Qc4 Ra4 36. Bg2 Qe8 37. Qc2 cxb4 38. Nf6 Nxf6 39. Bc6 Ra2 40. Qxa2 Rxd1+ 41. Rxd1 Qxc6 42. exf6 Qc3 43. Qd2 Qxf6 44. Qd5 Kg8 45. Qe5 Qxe5 46. fxe5 Bg7 47. Rb1 Bxe5 48. Rxb4 Kg7 49. Kg2 g5 50. Kf3 Kg6 51. Ke4 Bc3 52. Rc4 Bb2 53. Rc8 Bf6 54. Be3 Bg7 55. Rb8 Bf8 56. Rb7 Bg7 57. Kd5 Bf8 58. Ra7 Bg7 59. Rb7 Bf8 60. Rb1 Ba3 61. Rf1 Bb2 62. Kd6 Ba3+ 63. Kd7 Bb4 64. Bb6 Ba3 65. Ba5 Bb2 66. Bb4 Bd4 67. Ke7 Nc7 68. Bd2 Nd5+ 69. Kd8 Nf6 70. Re1 Ng4 71. Re2 Nf6 72. Kc7 Kf5 73. Kd6 Kg6 74. Bc1 Kf5 75. Ra2 Ne4+ 76. Kc6 Bf2 77. Kd7 Kg4 78. Ke7 f5 79. Ke6 Bg1 80. Ke5 Nc5 81. h3+ Kxh3 82. Kxf5 Kxg3 83. Ra3+ Kg2 84. Kxg5 Ne4+ 85. Kxh5 Bf2 86. Kg4 Nf6+ 87. Kf5 Nd5 88. Bd2 Nb6 89. Bf4 Nd5 90. Bg5 Nb6 91. Ra2 Kf3 92. Ra3+ Kg2 93. Ke4 Nc4 94. Ra2 Kg1 95. Bf4 Kf1 96. Kf3 Be1 97. Ra1 Nb2 98. Bd2 Nd3 99. Ke3 1-0

[Event "Asian Continental op 17th"]
[Site "Makati"]
[Date "2018.12.11"]
[Round "2"]
[White "Montoya, Edsel"]
[Black "Chen, Qi B"]
[Result "0-1"]
[WhiteElo "2312"]
[BlackElo "2437"]
[PlyCount "106"]
[EventDate "2018.12.10"]
[EventType "swiss"]
[EventRounds "9"]
[EventCountry "PHI"]
[SourceTitle "CBM 187 Extra"]
[Source "ChessBase"]
[SourceDate "2018.11.04"]
[SourceVersion "1"]
[SourceVersionDate "2018.11.04"]
[SourceQuality "1"]

1. d4 Nf6 2. Nf3 g6 3. g3 Bg7 4. Bg2 0-0 5. 0-0 d6 6. c4 Nbd7 7. Nc3 e5 8. e4 exd4 9. Nxd4 Re8 10. Re1 Nc5 11. f3 Bd7 12. Be3 a6 13. Qd2 Rb8 14. Bf1 Qc8 15. b4 Na4 16. Nxa4 Bxa4 17. Rac1 Bd7 18. Ne2 Be6 19. Nf4 Nd7 20. Nxe6 fxe6 21. Be2 b6 22. Red1 Kh8 23. Kg2 Rf8 24. h4 Qe8 25. Rh1 Ra8 26. g4 a5 27. b5 Nf6 28. h5 gxh5 29. e5 dxe5 30. g5 Qg6 31. Kh2 Ng8 32. Bd3 Qf7 33. Be4 Rad8 34. Qc2 Ne7 35. Rcd1 Nf5 36. Rxd8 Rxd8 37. Bc1 Rd4 38. Kg2 h4 39. c5 bxc5 40. Qxc5 Kg8 41. b6 cxb6 42. Qxb6 a4 43. Re1 Bf8 44. Qb5 Bd6 45. Kh3 a3 46. Qb3 Kg7 47. Bxa3 Bxa3 48. Qxa3 Nd6 49. Bc2 Qf4 50. Rg1 Rd2 51. Rg2 Rxc2 52. Qxd6 Qxf3+ 53. Kxh4 Rc4+ 0-1

[Event "Kuala Lumpur op"]
[Site "Kuala Lumpur"]
[Date "2014.04.05"]
[Round "3"]
[White "Montoya, Edsel"]
[Black "Das, Arghyadip"]
[Result "1/2-1/2"]
[WhiteElo "2185"]
[BlackElo "2460"]
[PlyCount "120"]
[EventDate "2014.04.04"]
[EventType "swiss"]
[EventRounds "9"]
[EventCountry "MAS"]
[SourceTitle "EXT 2015"]
[Source "ChessBase"]
[SourceDate "2014.11.20"]
[SourceVersion "1"]
[SourceVersionDate "2014.11.20"]
[SourceQuality "1"]

1. c4 e6 2. Nf3 d5 3. g3 c6 4. Qc2 Nf6 5. Bg2 Be7 6. 0-0 0-0 7. d3 b6 8. b3 Bb7 9. Bb2 a5 10. a3 Na6 11. Nbd2 Rc8 12. Rfe1 c5 13. cxd5 Nxd5 14. e4 Ndc7 15. Rad1 Nb5 16. Qc4 Qe8 17. Qc1 Qd8 18. Qa1 Bf6 19. e5 Be7 20. Nc4 Bd5 21. Nfd2 Qc7 22. Bxd5 exd5 23. Nd6 Nxd6 24. exd6 Qxd6 25. Bxg7 Rfe8 26. Be5 Qg6 27. d4 Bf8 28. Nf1 Bh6 29. Qb2 Re6 30. Qe2 Nb8 31. Qf3 Nc6 32. Ne3 f6 33. Bf4 Bxf4 34. Qxf4 Nxd4 35. Nxd5 Ne2+ 36. Rxe2 Rxe2 37. Nxf6+ Kh8 38. g4 Rf8 39. Rd6 h6 40. Kf1 Re7 41. h4 b5 42. g5 b4 43. axb4 axb4 44. Rd5 Qb1+ 45. Kg2 Qxb3 46. Rxc5 Qb1 47. Qd6 Ref7 48. Qd4 Rxf6 49. gxf6 Qg6+ 50. Kf1 Qxf6 51. Qxf6+ Rxf6 52. Rb5 Rf4 53. h5 Kg7 54. Kg2 Kf6 55. Kg3 Rf5 56. Rxb4 Rxh5 57. Rb6+ Kg7 58. f4 Ra5 59. Kg4 h5+ 60. Kh4 Rc5 1/2-1/2

[Event "Manila PSC Cup"]
[Site "Manila"]
[Date "2013.01.17"]
[Round "6"]
[White "Munkhgal, Gombosuren"]
[Black "Montoya, Edsel"]
[Result "1-0"]
[WhiteElo "2372"]
[BlackElo "2096"]
[PlyCount "117"]
[EventDate "2013.01.14"]
[EventType "swiss"]
[EventRounds "9"]
[EventCountry "PHI"]
[SourceTitle "CBM 152 Extra"]
[Source "ChessBase"]
[SourceDate "2013.02.25"]
[SourceVersion "1"]
[SourceVersionDate "2013.02.25"]
[SourceQuality "1"]

1. d4 d5 2. c4 c6 3. Nf3 Nf6 4. Nc3 e6 5. g3 Be7 6. Bg2 0-0 7. 0-0 b6 8. Nd2 Bb7 9. e4 dxe4 10. Ndxe4 Nbd7 11. Bf4 Nxe4 12. Nxe4 Nf6 13. Nxf6+ Bxf6 14. Be5 Qe7 15. Qe2 Rfd8 16. Rfd1 Rd7 17. Rd3 Rad8 18. Rad1 g6 19. f4 Bg7 20. Bxg7 Kxg7 21. Qe5+ Kg8 22. a3 a5 23. Rb3 b5 24. c5 Qf8 25. Kf2 Ba8 26. Re3 Qg7 27. Red3 Bb7 28. Qe4 Qf6 29. Bf3 Kg7 30. g4 h6 31. Kg3 g5 32. h4 gxf4+ 33. Qxf4 b4 34. axb4 axb4 35. g5 hxg5 36. hxg5 Qxf4+ 37. Kxf4 Ba6 38. R3d2 Bb5 39. Ke5 Rd5+ 40. Bxd5 Rxd5+ 41. Kf4 Rf5+ 42. Ke3 Rxg5 43. Rf2 Bc4 44. Kf4 f6 45. Rh2 Bd5 46. Rh3 Kg6 47. Re1 Rf5+ 48. Ke3 Rg5 49. Re2 b3 50. Reh2 e5 51. Rh6+ Kg7 52. Rh7+ Kg6 53. R2h6+ Kf5 54. Rh5 exd4+ 55. Kxd4 Kf4 56. Rh4+ Kf3 57. R7h5 Rg4+ 58. Rxg4 Kxg4 59. Rxd5 1-0